German History Revision - 1 - Statistics

General Stats
  • This quiz has been taken 36 times
  • The average score is 7 of 30
Answer Stats
Question Answer % Correct
What number was Germany forced to reduce its army to? 100,000
56%
Who was the largest political party that aimed to create a socialist republic, within a parliamentary democracy? The German Social Democratic Pary (SPD)
56%
What international organistaion was also established in the Treaty, which Germany was not allowed to join? The League of Nations
56%
Who became the first president of the Weimar republic? Friedrich Ebert
50%
What percentage of population did Germany lose? 12%
44%
Who was the French Prime Minister who wanted to heavily weaken Germany and to create a 'buffer state' in the Rhineland? Georges Clemenceau
44%
What Treaty did Germany sign with the Russian Empire, in 1918, which made the Treaty of Versailles look moderate in comparison? Treaty of Brest-Litovsk
44%
Who drew up the 'Fourteen Points' in the hope of creating a more just world? Woodrow Wilson
44%
What percentage of territory did Germany lose as a result of the Treaty of Versailles? 13%
38%
Who was the UK Prime Minister, who wanted to weaken Germany but to still keep the German economy strong to trade effectively with them? David Lloyd George
38%
When was the Armistice agreement? 11 November 1918
31%
When did the Kiel mutiny begin? 2 November 1918
31%
What organisation acted as paramilitries and suprressed a number of uprisings, such as the Spartacists revolt? Freikorps
31%
Who was the only chancellor of the consitutional monarchy? Prince Max von Baden.
31%
When was the Kaiser forced to abdicate? 9 November 1918
25%
What article gave the President the capacity to rule by decree at a time of national assembly? Article 48
19%
Who effctively led the October Reform? Erich Ludendorff
13%
Who were the two leaders of the Spartacists, a party that aimed to achieve a soviet republic similar to the USSR? Karl Liebknecht and Rosa Luxemburg
13%
Who proclaimed Bavaria an independent socialist republic? Kurt Eisner
13%
Who declared Germany a republic? Phillip Scheidemann
13%
When was he appointed? 3 October 1918
6%
When was the Spartacists revolt? 5 January 1919
6%
When were the first elections for a National Assembly? 19 January 1919
0%
When was the Treaty of Versailles signed? 28 June 1919
0%
When was the Weimar constitution passed in the Reichstag? 31 July 1919
0%
In 1921, the reparations sum was agreed upon. What was this sum? £6600 million
0%
What agreement, on 10 November, led to the army supporting the Weimar government in order to keep stability and prevent the spread of revolutionary socialism? Ebert-Groener agreement
0%
Other than the Reichstag, there was another house in the German parliament which was made up of representatives from all of the seventeen state regional governments. What was this house called? Reichsrat
0%
Which three parties made up the 'Weimar Coalition' after the election? SPD, DDP and the ZP
0%
What agreement, on 15 November, led to a deal where trade unions made a commitment not to interfere with private ownership and the free market, in return for worker's committees, an eight-hour woeking day and full legal recongnition? Stinnes-Legien agreement
0%
No matching quizzes found
Score Distribution
Percent of People with Each Score
Percentile by Number Answered
Your Score History
You have not taken this quiz